الكامل في التاريخ / (رقم التسجيلة. 19661)

تفاصيل مارك
000 -الفاتح
حقل البيانات ثابتة الطول 00956cam a2200217a 44500
003 - محدد رقم الضبط
رقم الضبط OSt
005 - وقت وتاريخ اخر تعامل مع التسجيلة
رقم الضبط 20150408113957.0
008 - عناصر البيانات ثابتة الطول - معلومات عامة
حقل البيانات ثابتة الطول 249069s1979 le g 00000 ara dd
040 ## - مصدر الفهرسة
وكالة الفهرسة الأصلية mu
لغة الفهرسة ara
وكالة النسخ mb
041 ## - رمز اللغة
رمز لغة النص/ المسارات الصوتية أو العنوان الانفرادي عربي.
072 0# - رمز الفئه الموضوعية
رمز فئه الموضوع 089
مجموعة رمز فئه الموضوع التاريخ العام للعرب والإسلام (يشمل الحضارة الإسلامية)
082 04 - رقم تصنيف ديوى العشرى
رقم التصنيف 953
092 ## - رقم استدعاء ديوى المحلى
رقم التصنيف 953
رقم المادة ا ع ك
100 1# - المدخل الرئيسى - إسم شخصى
الإسم الشخصى ابن الأثير، علي بن محمد بن عبد الكريم،
التواريخ المصاحبة للاسم 555-630 هـ.
245 12 - بيان العنوان
العنوان الكامل في التاريخ /
بيان المسئوليه,etc تأليف عز الدين أبي الحسن بن أبي الكرم محمد بن محمد بن عبد الكريم بن عبد الواحد الشيباني [المعروف. بابن الأثير].
260 ## - PUBLICATION, DISTRIBUTION, ETC. (IMPRINT)
مكان الناشر او الموزع بيروت
اسم الناشر او الموزع دار الكتب العلمية
تاريخ النشر أو التوزيع 1987
300 ## - الوصف المادى
التعداد 7 مج. ؛
أبعاد الوعاء 24سم.
650 ## - المدخل الاضافى بالموضوع-مصطلح موضوعى
مصطلح موضوعي أو اسم جغرافي كعنصر مدخل التاريخ الإسلامي
مصدر الرأس أو المصطلح aucsh. 7
650 ## - المدخل الاضافى بالموضوع-مصطلح موضوعى
مصطلح موضوعي أو اسم جغرافي كعنصر مدخل الجاهلية
مصدر الرأس أو المصطلح aucsh.\\
9 (RLIN) 1180
942 ## - عناصر المدخل الإضافي( كوها)
مصدر التصنيف او مخطط الترفيف Dewey Decimal Classification
Koha [default] item type كتاب
المقتنيات
حالة الفقد نموذج السعر الفعال حالة تلف ليس للاعارة رقم الطلب تاريخ الاكتساب الموقع الحالي الباركود الفرع الرئيسي Date last seen نوع المادة فى نظام كوها مصدر التصنيف او خطة الترفيف Total Checkouts
  2013-03-10     953 ج1 ا ع ك 2011-12-14 مكتبة كلية التربية بالزلفى - طالبات (EZF) 00003403 مكتبة كلية التربية بالزلفى - طالبات (EZF) 2013-03-10 كتاب Dewey Decimal Classification  
  2013-03-10     953 ا ع ك 2011-12-17 مكتبة كلية التربية بالزلفى - طالبات (EZF) 00003402 مكتبة كلية التربية بالزلفى - طالبات (EZF) 2013-03-10 كتاب Dewey Decimal Classification  
  2013-03-10     953مج3 ا ع ك 2011-12-17 مكتبة كلية التربية بالزلفى - طالبات (EZF) 00003404 مكتبة كلية التربية بالزلفى - طالبات (EZF) 2013-03-10 كتاب Dewey Decimal Classification  
  2013-03-10     953مج5 ا ع ك 2011-12-17 مكتبة كلية التربية بالزلفى - طالبات (EZF) 00003405 مكتبة كلية التربية بالزلفى - طالبات (EZF) 2013-03-10 كتاب Dewey Decimal Classification  
  2013-03-10     953مج6 ا ع ك 2011-12-17 مكتبة كلية التربية بالزلفى - طالبات (EZF) 00003398 مكتبة كلية التربية بالزلفى - طالبات (EZF) 2013-03-10 كتاب Dewey Decimal Classification  
  2013-03-10     953مج7 ا ع ك 2011-12-17 مكتبة كلية التربية بالزلفى - طالبات (EZF) 00003399 مكتبة كلية التربية بالزلفى - طالبات (EZF) 2013-03-10 كتاب Dewey Decimal Classification